Logo BPK

Biblioteka

Politechniki Koszalińskiej

Ćwiczenia z analizy jakościowej i ilościowej. (Rekord nr 10446)

Szczegóły MARC
000 -ETYKIETA REKORDU
podpole kontrolne o stałej długości 00420nam a2200157 i 4500
001 - NUMER KONTROLNY REKORDU
pole kontrolne bg
040 ## - ŹRÓDŁO KATALOGOWANIA
Instytucja, która utworzyła rekord BPK
041 ## - KOD JĘZYKA
Kod języka tekstu pol
008 - POLE O STAŁEJ DŁUGOŚCI - DANE KONTROLNE
podpole kontrolne o stałej długości s pl f |000 0 pol
100 1# - NAZWA OSOBOWA
Nazwa osobowa WITEKOWA, Stanisława.
245 #0 - TYTUŁ/ODPOWIEDZIALNOŚĆ
Tytuł Ćwiczenia z analizy jakościowej i ilościowej.
Oznaczenie części/sekcji dzieła Cz.1 /
Pozostałe elementy strefy tytułu i oznaczenia odpowiedzialności Stanisława Witekowa, Tadeusz Witek.
250 ## - STREFA WYDANIA
Oznaczenie wydania Wyd.7.
260 ## - STREFA ADRESU WYDAWNICZEGO
Miejsce wydania Warszawa,
Data publikacji, dystrybucji/powstania dokumentu 1970.
700 1# - HASŁO DODATKOWE - NAZWA OSOBOWA
Nazwa osobowa WITEK, Tadeusz.
856 ## - LOKALIZACJA I DOSTĘP DO ELEKTRONICZNYCH DOKUMENTÓW ZDALNYCH
Link (URL) http://koha.tu.koszalin.pl/cgi-bin/koha/opac-detail.pl?biblionumber=10446
Tekst linku Katalog online BPK
942 ## - DODATKOWE ELEMENTY (KOHA)
Typ dokumentu Książka
Egzemplarze
Wycofany Status egzemplarza Uszkodzony Dostępność Lokalizacja stała Lokalizacja bieżąca Miejsce przechowywania Sygnatura Kod kreskowy Typ dokumentu
      Dostępny Biblioteka Politechniki Koszalińskiej Biblioteka Politechniki Koszalińskiej Wypożyczalnia BG P 850/1 01795066 Książka
      Dostępny Biblioteka Politechniki Koszalińskiej Biblioteka Politechniki Koszalińskiej Wypożyczalnia BG P 850/2 01795059 Książka
© 2023 Biblioteka Politechniki Koszalińskiej :: KOHA